=LDR 00000nam 2200000 4500 =001 INLIS000000000809836 =008 ###################################ind## =035 ##$$a 0010-0825000329 =245 ##$$a Pendidikan Bagi Anak Dengan Problem Belajar / $c Munawir Yusuf =260 ##$$b Tiga Serangkai =020 ##$$a 9796682710 =084 ##$$a 376.6 SUF p =520 ##$$a Kurikulum =082 ##$$a 376.6